| 000 | 01094nam a2200253 i 4500 | ||
|---|---|---|---|
| 001 | 169047 | ||
| 003 | ES-MaACL | ||
| 005 | 20251217063022.0 | ||
| 007 | qu | ||
| 008 | 080804s2007 sp ag |||| | spa d | ||
| 020 | _a978-84-7960-383-6 | ||
| 080 | _a784.68 | ||
| 100 | 1 |
_aCalderón, Fina de, _d1927-2010 _933598 |
|
| 245 | 1 | 0 |
_aMis canciones festivaleras de los años 60 [ _hMúsica impresa] / _cFina de Calderón ; ilustraciones de Teo Puebla. |
| 260 |
_aMadrid : _bEdiciones de la Torre, _c[2007] |
||
| 300 |
_a1 partitura vocal (150 p.) : _bil. col. ; _c28 cm. |
||
| 505 | 8 |
_aContiene: ; _tMariola ; _tPor alguien como tú ; _tCaracola ; _tSeñor Chaplin ; _tEn Roma ; _tGiovanna ; _tUn abrigo gris ; _t¿Dónde van? ; _tSeñor Amor ; _tAlexei ; _t¿Cómo aprendiera yo? ; _tOh Dany, oh Dany ; _tPoder ; _tYa no tengo tiempo ; _tLa otra mitad ; _tMi bienquerida |
|
| 650 | 1 | 7 |
_aMúsica ligera _2 _9138137 |
| 650 | 0 | 4 |
_aCanciones españolas- _yS.XX. _910726 |
| 700 | 1 |
_aPuebla, Teo, _d1943- _9163263 |
|
| 852 |
_aES-MaACL _jL-29599 |
||
| 942 | _2udc | ||
| 999 |
_c169047 _d169047 |
||